00832 2200205 4500245006500000020001800065250001100083100001600094700002100110650002100131650002300152650002100175005001900196260003800215041001400253084001000267300002600277500031400303336000900617 aWawasan Kebangsaan dalam Dunia PendidikancSholehuddinhText a979-3372-51-6 aCet. 1 aSholehuddin aEndah Rukmini W. aIdeologi Politik aWawasan Kebangsaan aDunia Pendidikan a20240506100138 aDepokbBinamuda Ciptakreasic2010 aIndonesia a320.5 avi, 166 hlm. :cilus. aDewasa ini seiring dengan perkembangan budaya manusia, globalisasi informasi berkembang dengan pesat dan tidak dapat dibendung. Dampak dari globalisasi informasi ini adalah terjadinya peningkatan politik identitas dunia dan representasi di kalangan hampir seluruh masyarakat dunia, tidak terkecuali Indonesia. atext